| 000 | 00516nam a22001457a 4500 | ||
|---|---|---|---|
| 003 | macl | ||
| 005 | 20180426165125.0 | ||
| 008 | 180426b xxu||||| |||| 00| 0 eng d | ||
| 040 | _cmacl | ||
| 100 |
_aडॉ. शादाब अहमद सिददीकी _931587 |
||
| 245 | _aमध्य प्रदेश सम्पूर्ण अध्ययन | ||
| 260 |
_aआगरा _bउपकार प्रकाशन _c2017 |
||
| 650 |
_aसामान्य वर्ग _936 |
||
| 942 |
_2ddc _cHIN |
||
| 999 |
_c57966 _d57966 |
||